000 00814cam a2200265 i 4500
999 _c697
_d697
001 18666515
003 OSt
005 20250224105846.0
008 150619s2017 mau b 001 0 eng
010 _a 2015023479
020 _a9781284077247
040 _aDLC
_beng
_cKCST
042 _apcc
050 0 0 _aQA267.3
_b.L56 2017
082 0 0 _a005.131
_223
_bLi An
100 1 _aLinz, Peter.
_95361
245 1 3 _aAn introduction to formal languages and automata /
_cPeter Linz, PhD, University of California at Davis.
250 _aSixth edition.
260 1 _aBurlington, MA :
_bJones & Bartlett Learning,
_c[2017]
300 _axiii, 449 pages ;
_c25 cm
504 _aIncludes bibliographical references and index.
650 0 _aFormal languages.
_91053
650 0 _aMachine theory.
_9503
942 _2ddc
_cCTBK